UBT Library

Computer science : (Record no. 23)

000 -LEADER
fixed length control field 00714cam a2200229 a 4500
005 - DATE AND TIME OF LATEST TRANSACTION
control field 20131119111237.0
008 - FIXED-LENGTH DATA ELEMENTS--GENERAL INFORMATION
fixed length control field 870810s1988 maua b 001 0 eng
020 ## - INTERNATIONAL STANDARD BOOK NUMBER
International Standard Book Number 0805309039
041 0# - LANGUAGE CODE
Language code of text/sound track or separate title eng
080 ## - UNIVERSAL DECIMAL CLASSIFICATION NUMBER
Universal Decimal Classification number 004
Common auxiliary subdivision (075.8)
100 1# - Rafti
Rafti Brookshear, J. Glenn.
245 10 - TITLE STATEMENT
Title Computer science :
Statement of responsibility, etc J. Glenn Brookshear.
250 ## -
-- 2nd ed.
260 ## -
-- Reading, Mass. :
-- Benjamin / Cummings Pub. Co.,
-- c1988.
300 ## -
-- 493 f. :
-- me il. ;
-- 24 cm.
440 #4 -
-- The Benjamin/Cummings series in structured programming
500 ## -
-- Parathënie : f. V-VIII. Includes index.
504 ## - BIBLIOGRAPHY, ETC. NOTE
Bibliography, etc Bibliography: f. 484-486.
650 #0 -
-- Computer science.
650 #0 -
-- Kompjutere
942 ## - ADDED ENTRY ELEMENTS (KOHA)
Source of classification or shelving scheme
Item type Books
Holdings
Withdrawn status Lost status Source of classification or shelving scheme Damaged status Not for loan Collection code Permanent location Current location Shelving location Date acquired Total Checkouts Full call number Barcode Date last seen Price effective from Koha item type
          Koleksioni i përgjithshem UBT - Prishtine UBT - Prishtine Koleksioni i përgjithshem 10/03/2013   004 (075.8) BRO 001-000008 10/03/2013 10/03/2013 Books
UBT Library © 2015-2024. All rights reserved University Education for Business and Technology